000 00920nam a22003017a 4500
003 CHAP
005 20220329140813.0
008 971013s1964 r 00010 d
010 _a57866
011 _a58838
035 _a62994
040 _cCHAP
082 _a001.642
_bS84
100 0 0 _aStein, Marvin L.
_9109599
245 _aComputer programming
_b: a mixed language approach
260 _aNew York :
_bAcademic Press,
_c1964
300 _a459 p.
590 _aBATCH-UPD
_b10
_c20130110
_lUCH01
_h0623
590 _aBATCH-UPD
_b10
_c20130410
_lUCH01
_h0307
590 _aBATCH-UPD
_b10
_c20130914
_lUCH01
_h0816
590 _aCONVERSION
_b10
_c20130109
_lUCH01
_h1331
650 1 4 _aCalculadoras electrónicas.
_917344
650 1 4 _aProgramación (Computadoras)
_992368
700 0 _aMunro, William D.
_979514
901 _aBK
942 _cLIBRO
949 _a001.642 S84
_bBC
_cLIBRO
_d33724000290235
_eLIBRO
_i62994
_si
999 _c57866
_d57866